00969nam a22002057a 4500003000900000008004100009040007100050082004300121110005500164245006800219260004200287300002800329440005800357505022500415650001800640650001400658650002300672650001300695710005500708AR-CdUCM190425b ||||| |||| 00| 0 spa d aMUNICIPALIDAD PROVINCIAL DEL CUSCOcBIBLIOTECA MUNICIPAL DEL CUSCO aRev.Univ/N°7/1913bRev.Univ/N°7/1913 aUniversidad Nacional de San Antonio Abad del Cusco aRevista Universitaria :bÓrgano de la Universidad del Cuzco / aCusco :bEl Trabajo,cdiciembre 1913. a59 páginas. :c20 cm. aRevista UniversitarianAño II, diciembre 1913, N°7 aContenido: Paidología el niño del Cuzco. Humberto Luna. -- Memoria leído por el rector el año académico. Alberto A. Giesecke. -- El Cuzco a través de la Historia. Luis Rafael Casanova. Crónica Universitaria aArqueología aWanacauri aHistoria del Cusco aSiglo XX aUniversidad Nacional de San Antonio Abad del Cusco